| 000 | 00474cam a2200205 4500 | ||
|---|---|---|---|
| 001 | D13800 | ||
| 008 | 090401t1950 xxu||||| |||| 00| 0 eng d | ||
| 035 | _a(Sirsi) u11741 | ||
| 041 | _aeng | ||
| 100 | _aRyde, Walter C | ||
| 245 | _aRyde on rating: the law and practice | ||
| 250 | _a9th | ||
| 260 |
_aLondon _bButterworth & Shaw _c1950 |
||
| 300 | _a1498p | ||
| 350 | _a0 | ||
| 520 | _aShelf 134 | ||
| 700 | _aRowe, M.E et al | ||
| 942 | _n0 | ||
| 948 | _c04/03/1997 | ||
| 999 |
_c86905 _d86905 |
||